000 00744nam a2200241Ia 4500
003 OSt
005 20220923213538.0
006 a|||||r|||| 00| 0
007 ta
008 220922b |||||||| |||| 00| 0 hin d
024 _a162,769
037 _cTextual
040 _aARTS
_cARTS
_bhin
041 _2hin
_ahin
082 _aO152:3M88:43, K3
100 _aचतुरसेन
_9156280
245 0 _aदुखवा मेे कासे कहूँ
246 _aDukhavā mee kāse kahūँ
260 _c1963
490 _aचतुरसेन का सम्पूर्ण कहानी साहित्य; 2
942 _hO152:3M88:43, K3
_cTEXL
_2CC
999 _c317249
_d317249